00539nam a2200193 a 4500001001300000003000900013005001700022008004100039020001000080082002100090100001900111245007000130260004200200300000900242500003500251505002400286650001600310700001900326nice12345678IN_TiNIC20260116013514.0050524s1981 dela grp 000 0 eng  ac20000a306.0899145bFUC aFuchs, Stephen aAt the Bottom of Indian Society, the Harijan and Other Low Castes aDelhibMunshiram Manoharlal Pubc1981 a325p aincludes index and biblioraphy2 aBibliography, Index aCaste-India1 aFuchs, Stephen